| 000 | 00995nam a22002417a 4500 | ||
|---|---|---|---|
| 999 |
_c7514 _d7514 |
||
| 003 | AR-CdUCM | ||
| 008 | 190320b ||||| |||| 00| 0 spa d | ||
| 040 |
_aMUNICIPALIDAD PROVINCIAL DEL CUSCO _cBIBLIOTECA MUNICIPAL DEL CUSCO |
||
| 082 |
_a576 / _bM22 |
||
| 110 |
_aDirección General de Salud Ambiental _921214 |
||
| 245 | _aManual de Análisis Microbiológico de Alimentos / | ||
| 260 |
_aLima : _bDecisión Gráfica ; _c2001. |
||
| 300 |
_a181 páginas ; _bTablas, fotografías, ilustraciones _c29cm |
||
| 505 | _aContenido: Examen microbiológico de alimentos -- Equipos y materiales de laboratorio -- Técnicas microbiológicas -- Lavado de materiales -- Esterilización... | ||
| 650 |
_aLaboratorio _921215 |
||
| 650 |
_aMicrobiología _921216 |
||
| 650 |
_aAlimentos _97656 |
||
| 700 |
_aAzabache Venegas, Neil (Blgo) _921217 |
||
| 700 |
_aVillanueva Huamán, Edith (Blgo) _921218 |
||
| 700 |
_aBarrientos Gómez, Giovanna (Blgo) _921219 |
||
| 942 |
_2ddc _cLIBROS |
||
| 945 | _anom | ||